000 00581nam a2200205Ia 4500
005 20250923145835.0
008 008 250917s9999 xx 000 0 eng d
037 _aTextual
040 _aDSWL
_beng
_cDSWL
041 _aeng
_2eng
084 _aX8(J):9588.2:2, N90
_qDSWL
100 _aNair, S.B.
_9839477
245 0 _aSocial security and the weaker sections
_c by S.B. Nair
260 _aDelhi
_b Renaissance
_c1990
300 _a120p.
365 _aINR
_b110.00
925 _g110.00
942 _cTEXL
_hX8(J):9588.2:2, N90
999 _c1456354
_d1456354